عرض عادي
عرض مارك
- Mez, Lutz
دخول Personal Name
001 - CONTROL NUMBER
- control field: 16435
003 - CONTROL NUMBER IDENTIFIER
- control field: AE-AdECS
005 - DATE AND TIME OF LATEST TRANSACTION
- control field: 20250523092255.0
008 - FIXED-LENGTH DATA ELEMENTS
- fixed length control field: 250523|| aca||aabn | a|a d
040 ## - CATALOGING SOURCE
- Original cataloging agency: AE-AdECS
- Transcribing agency: AE-AdECS
100 ## - HEADING--PERSONAL NAME
- Personal name: Mez, Lutz
670 ## - SOURCE DATA FOUND
- Source citation: Work cat.: (AE-AdECS)290824: The technological and economic future of nuclear power /
